Možnosti využitia štátnej podpory bývania v SR bakalárska práca

Gespeichert in:
Bibliographische Detailangaben
1. Verfasser: Fábryová, Ivana
Körperschaft: Národohospodárska fakulta EU. Katedra financií
Weitere Verfasser: Rabatinová, Marcela, 1977-
Format: Buch
Sprache:Slowakisch
Veröffentlicht: Bratislava 2010
Tags: Tag hinzufügen
Keine Tags, Fügen Sie das erste Tag hinzu!

MARC

LEADER 00000nbm a2200000 4500
001 0133129
005 20161109111508.6
041 0 |a slo 
044 |a SK 
245 1 0 |a Možnosti využitia štátnej podpory bývania v SR  |b bakalárska práca  |c Ivana Fábryová ; školiteľ: Marcela Rabatinová 
264 1 |a Bratislava  |c 2010 
300 |a 44 s. 
100 1 |a Fábryová, Ivana 
700 1 |a Rabatinová, Marcela, 1977- 
710 2 |a Národohospodárska fakulta EU. Katedra financií